000 00444nam a2200157 4500
001 122793
003 ES-MaACL
005 20230906192037.0
007 t|
008 070214s1965 sp r ||||1| spa d
100 1 _aPujals, Esteban.
_994322
245 1 0 _aDrama, pensamiento y poesía en la literatura inglesa /
_cEsteban Pujals.
260 _aMadrid :
_bRialp,
_c1965.
300 _a590 p. ;
_c19 cm.
852 _aES-MaACL
_jC-28171
_bR.57426
999 _c122793
_d122793